Logo BPK

Biblioteka

Politechniki Koszalińskiej

Wielki słownik polsko-rosyjski. (Rekord nr 34344)

Szczegóły MARC
000 -ETYKIETA REKORDU
podpole kontrolne o stałej długości 00758nam a2200241 i 4500
001 - NUMER KONTROLNY REKORDU
pole kontrolne bg
020 ## - MIĘDZYNARODOWY ZNORMALIZOWANY NUMER KSIĄŻKI - ISBN
ISBN 8321409709 (2 t.)
040 ## - ŹRÓDŁO KATALOGOWANIA
Instytucja, która utworzyła rekord BPK
041 0# - KOD JĘZYKA
Kod języka tekstu plru
080 ## - UNIWERSALNA KLASYFIKACJA DZIESIĘTNA - UKD
UKD 811.162.1::811.161.1]'374
920 ## - Międzynarodowy znormalizowany numer książki – ISBN
ISBN 83-214-0970-9 (2 t.)
008 - POLE O STAŁEJ DŁUGOŚCI - DANE KONTROLNE
podpole kontrolne o stałej długości s pl f |000 0 pol
100 1# - NAZWA OSOBOWA
Nazwa osobowa Hessen, Dymitr
Daty związane z nazwą (1916-2001).
245 10 - TYTUŁ/ODPOWIEDZIALNOŚĆ
Tytuł Wielki słownik polsko-rosyjski.
Oznaczenie części/sekcji dzieła T. 1,
Tytuł części/sekcji dzieła A-Ó. /
Pozostałe elementy strefy tytułu i oznaczenia odpowiedzialności Dymitr Hessen, Ryszard Stypuła.
246 11 - WARIANT TYTUŁU
Tytuł Bol'šoj pol'sko-russkij slovar'
250 ## - STREFA WYDANIA
Oznaczenie wydania [Wyd. 5
-- supl. wyd. 2].
260 ## - STREFA ADRESU WYDAWNICZEGO
Miejsce wydania Warszawa :
Nazwa wydawcy/dystrybutora Wiedza Powszechna,
Data publikacji, dystrybucji/powstania dokumentu 1998.
300 ## - STREFA OPISU FIZYCZNEGO
Objętość 656 s. ;
Rozmiary 25 cm.
500 ## - UWAGI OGÓLNE
Tekst uwagi Tyt. równol. : Bol'šoj pol'sko-russkij slovar'.
650 #9 - HASŁO PRZEDMIOTOWE W FORMIE NAZWY OGÓLNEJ LUB JEDNOSTKOWEJ
Nazwa ogólna lub geograficzna Słownik polsko-rosyjski
700 1# - HASŁO DODATKOWE - NAZWA OSOBOWA
Nazwa osobowa Stypuła, Ryszard.
942 ## - DODATKOWE ELEMENTY (KOHA)
Typ dokumentu Książka
Egzemplarze
Wycofany Status egzemplarza Uszkodzony Dostępność Lokalizacja stała Lokalizacja bieżąca Miejsce przechowywania Sygnatura Kod kreskowy Typ dokumentu
      Tylko na miejscu Biblioteka Politechniki Koszalińskiej Biblioteka Politechniki Koszalińskiej Czytelnia Wydziałowa ul. Kwiatkowskiego 6e 47095 01379532 Książka
© 2023 Biblioteka Politechniki Koszalińskiej :: KOHA